Биология и хозяйственная характеристика рыб Ч. 1 Биология и хозяйственная характеристика рыб
В практикуме рассматриваются вопросы по дисциплине «Основы рыбоводства». Практикум разделен на части, соответствующие основным разделам курса. Часть 1 практикума включает вопросы о биологических особенностях рыб, методах изучения роста и определения возраста рыб, дана характеристика рыб, используемы...
Сохранить в:
| Главный автор: | |
|---|---|
| Формат: | Книга |
| Язык: | Russian |
| Опубликовано: |
Уссурийск
Приморская ГСХА
2014
|
| Online-ссылка: | http://e.lanbook.com/books/element.php?pl1_id=69610 https://e.lanbook.com/img/cover/book/69610.jpg |
| Метки: |
Добавить метку
Нет меток, Требуется 1-ая метка записи!
|
| LEADER | 02304nam0a2200253 i 4500 | ||
|---|---|---|---|
| 001 | 69610 | ||
| 003 | RuSpLAN | ||
| 005 | 20221220173943.0 | ||
| 008 | 221220s2014 ru gs 000 0 rus | ||
| 040 | |a RuSpLAN | ||
| 041 | 0 | |a rus | |
| 044 | |a ru | ||
| 080 | |a 639.3 | ||
| 084 | |a 47.28 |2 rubbk | ||
| 245 | 1 | |a Биология и хозяйственная характеристика рыб |c Янкина О. Л. |n Ч. 1 |p Биология и хозяйственная характеристика рыб | |
| 260 | |a Уссурийск |b Приморская ГСХА |c 2014 | ||
| 300 | |a 73 с. | ||
| 504 | |a Библиогр.: доступна в карточке книги, на сайте ЭБС Лань | ||
| 520 | 8 | |a В практикуме рассматриваются вопросы по дисциплине «Основы рыбоводства». Практикум разделен на части, соответствующие основным разделам курса. Часть 1 практикума включает вопросы о биологических особенностях рыб, методах изучения роста и определения возраста рыб, дана характеристика рыб, используемых в прудовом рыбоводстве. Данное учебное пособие может быть использовано в качестве методических указаний к лабораторно-практическим занятиям и для самостоятельной работы для студентов направления подготовки 111100.62 «Зоотехния» и 111900.62 «Ветеринарно-санитарная экспертиза» а также других специальностей и направлений по курсу «Основы рыбоводства» и «Рыбоводство». | |
| 521 | 8 | |a Книга из коллекции Приморская ГСХА - Ветеринария и сельское хозяйство | |
| 100 | 1 | |a Янкина О. Л. | |
| 856 | 4 | |u http://e.lanbook.com/books/element.php?pl1_id=69610 | |
| 856 | 4 | 8 | |u https://e.lanbook.com/img/cover/book/69610.jpg |
| 953 | |a https://e.lanbook.com/img/cover/book/69610.jpg | ||